University Home | Library Home | Institutional Repository

Principles of physics / (Record no. 122201)

MARC details
000 -LEADER
fixed length control field 00457cam a2200169 4500
008 - FIXED-LENGTH DATA ELEMENTS--GENERAL INFORMATION
fixed length control field 150107n 000 0 eng u
020 ## - INTERNATIONAL STANDARD BOOK NUMBER
International Standard Book Number 0205085555
035 ## - SYSTEM CONTROL NUMBER
System control number (Sirsi) a187068
050 ## - LIBRARY OF CONGRESS CALL NUMBER
Classification number QC23 BLA 1986
100 ## - MAIN ENTRY--PERSONAL NAME
Personal name Blatt, Frank J.
245 ## - TITLE STATEMENT
Title Principles of physics /
Statement of responsibility, etc. Frank J. Blatt.
250 ## - EDITION STATEMENT
Edition statement 2nd ed.
260 ## - PUBLICATION, DISTRIBUTION, ETC.
Place of publication, distribution, etc. Boston:
Name of publisher, distributor, etc. Allyn and Bacon,
Date of publication, distribution, etc. 1986.
300 ## - PHYSICAL DESCRIPTION
Extent xvi, 802 p. :
Other physical details ill.
504 ## - BIBLIOGRAPHY, ETC. NOTE
Bibliography, etc. note Includes index.
650 ## - SUBJECT ADDED ENTRY--TOPICAL TERM
Topical term or geographic name entry element Physics.
Holdings
Withdrawn status Lost status Source of classification or shelving scheme Damaged status Not for loan Home library Current library Shelving location Date acquired Total Checkouts Full call number Barcode Checked out Date last seen Date last checked out Copy number Price effective from Koha item type
    Library of Congress Classification     Main Library Main Library On Shelf 09/20/2024 5 QC23 BLA 1986 33729005263111 05/04/2026 04/20/2026 04/20/2026 C.1 09/20/2024 Book
© 2026 - The University of Zambia Library - Koha v25.11